Mozart: Piano concerto No. 22 in E flat major 2 pianos 4 hands / K482
Contiene: partituras de piano.
| Main Author: | |
|---|---|
| Format: | Kit |
| Language: | Spanish English |
| Published: |
Melville:
Belwun Mills Publishing Corp.,
s.i.
|
| Series: | Kalmus piano series
|
| Subjects: |
MARC
| LEADER | 00000cac a2200000 i 4500 | ||
|---|---|---|---|
| 003 | Ucuenca | ||
| 005 | 20230808094339.0 | ||
| 006 | a||||fr|||| 000 0 | ||
| 007 | ta | ||
| 008 | 005072| nyug fr|||| 00||0 spa|a | ||
| 040 | |b spa |a UCuenca-cdrjbv |c UCuenca |e rda | ||
| 041 | |a eng | ||
| 082 | 0 | |2 22 |a 786.20264 |c A1505 | |
| 100 | 1 | |a Mozart, Wolfgang Amadeus. |d 1756-1791 |9 174600 | |
| 245 | 1 | 1 | |a Mozart: |b Piano concerto No. 22 in E flat major 2 pianos 4 hands / |c Wolfgang Amadeus Mozart. |n K482 |
| 264 | 1 | |a Melville: |b Belwun Mills Publishing Corp., |c s.i. | |
| 300 | |a 54 páginas: |b par |c 31 cm | ||
| 336 | |2 rdacontent |a texto |b txt | ||
| 337 | |2 rdamedia |a no mediado |b n | ||
| 338 | |2 rdacarrier |a volumen |b nc | ||
| 490 | |a Kalmus piano series | ||
| 505 | 1 | |a Concerto W. A. Mozart. | |
| 520 | 3 | |a Contiene: partituras de piano. | |
| 650 | 1 | 7 | |2 UCuenca-cdrjbv |a Piano concierto |9 79298 |
| 650 | 1 | 7 | |2 UCuenca-cdrjbv |a Pianos |9 79299 |
| 852 | |a UC-YANUNCAY |f Donación |l 1 |m General |p 20050727 |q 30,00 |t A1505 |b 0 |d CDRY |e CDRY |g 786.20264 |z 2005-50-72 | ||
| 942 | |c CR |2 ddc |r jessicap.torres@ucuenca.edu.ec | ||
| 999 | |c 47552 |d 47552 | ||